| 000 | 01098nam a2200217Ia 4500 | ||
|---|---|---|---|
| 003 | OSt | ||
| 005 | 20210707143028.0 | ||
| 008 | 210310s1995 cl ae gr 000 0 spa d | ||
| 040 |
_aCO-JMCR _cCO-JMCR |
||
| 041 | 0 | _aspa | |
| 082 | 0 | 4 |
_a332.67252 / _bI597g _223 |
| 110 | 2 |
_aInstituto Latinoamericano y del Caribe de Planificación Económica y Social-ILPES _938399 |
|
| 245 | 1 | 0 |
_aGuía para la identificación y formulación de proyectos de educación / _cInstituto Latinoamericano y del Caribe de Planificación Económica y Social-ILPES |
| 260 |
_aSantiago de Chile : _bCepal, _c1995 |
||
| 300 |
_a187 páginas ; _bilustraciones y planos a blanco y negro ; _c28 cm. |
||
| 504 | _aBibliografía: páginas 149-152 | ||
| 505 | 0 | _aAspectos generales -- Identificación del proyecto -- Diagnóstico de la situación actual -- Identificación y definición de alternativas de solución -- Evaluación de las alternativas de proyecto -- Presentación de la alternativa seleccionada | |
| 650 | 1 | 4 |
_aProyectos de inversión _916345 |
| 650 | 2 | 4 |
_aDesarrollo social _xProyectos _938400 |
| 942 |
_2ddc _cBK |
||
| 999 |
_c8104 _d8104 |
||